02733nkc a2200373za 450000100060000000300040000600500170001000700070002700800410003404000240007510000410009924500490014026000240018930001010021350003500031450001930066450000650085750001340092250001700105650400520122650500480127851001510132651002100147756101300168761000790181765100260189665500400192270000600196285200120202285601500203494200250218495201330220999900170234284635OSt20260323125148.0kh boc250410s19101911sp ||||| ||||||0| i|spa d aM-RABAbspacM-RABA1 aElorza, Lorenzod(1861-1931)911106810aMarañónb: Puerta de la Iglesiac/ L. E. c[ca. 1910 – 1911] a1 fotografía b: gelatina de plata c; imagen 12 x 17 cm c; soporte secundario 21,5 x 26,5 cm aVista de la portada de la iglesia parroquial de Nuestra Señora de la Asunción en Marañón, formada por arco apuntado con cinco arquivoltas, con decoración entre la cuarta y la quinta con una faja de rosetas. Apean el conjunto cinco pares de columnas baquetonadas de fuste liso y capitel decorado. Federico Baraibar figura en la entrada. aFotografía montada sobre soporte secundario de cartulina azul enmarcada con orla en relieve. Título y numeración manuscrita que hace referencia a la posición en la serie “119”. aSello con monograma del fotógrafo en tinta roja “L.E.” aFechas tomadas de la ejecución del positivo de las fotografías, incluido el soporte secundario. (Soto Madrazo, Javier. 2008). aForma parte de un conjunto de 167 fotografías empleadas por Federico Baráibar Zumárraga para la elaboración del Inventario del Románico en Álava (1911).  aBaraibar, F.: "Rincones artísticos", M. 1914. aMarañón.- Puerta de la Iglesia. / L. E. aDescripción tomada de: Soto Madrazo, Javier (2008). Federico Baraibar y el Inventario del Románico en Álava: una caja con 167 fotografías. aEsta colección fue utilizada posteriormente por Cristóbal de Castro para la elaboración y publicación del "Catálogo Monumental de España: provincia de Álava", Madrid, S. de Rivadeneira, 1915. aDonadas junto con la memoria manuscrita a la Academia por el mismo Baraibar (Sesión 12 de febrero de 1912, Archivo: 4-32-1)27aIglesia Parroquial Nuestra Señora de la Asunción (Marañón)9111636 7aÁlava2embne975661 0aFotografías de monumentos91115801 aBaráibar y Zumárraga, Federico d(1851-1918)912926 jFot-228 3Fot-228uhttps://archivoybiblioteca.realacademiabellasartessanfernando.com/cgi-bin/koha/opac-retrieve-file.pl?id=b8b2d8bf41053b317621fc6ea2430435 2ddccFOTOGRAFÍAn0 00102ddc40708FOTOGRAFIAaRABASFbRABASFcDP2d2025-04-30l0oFot-228p1095521r2025-04-30 10:11:14w2025-04-30yFOTOGRAFÍA c84635d84635